[Event "South Moravia Region-chT 2223"]
[Site "Czech Republic"]
[Date "2023.02.26"]
[Round "9.3"]
[White "Symersky, Petr"]
[Black "Pokladnik, Martin"]
[Result "1/2-1/2"]
[WhiteElo "2100"]
[BlackElo "2018"]
[PlyCount "29"]
[EventDate "2022.10.09"]
[EventType "team-tourn"]
[EventRounds "11"]
[EventCountry "CZE"]
[SourceTitle "EXT 2024"]
[Source "ChessBase"]
[SourceDate "2023.10.10"]
[SourceVersion "1"]
[SourceVersionDate "2023.10.10"]
[SourceQuality "1"]

1. d4 Nf6 2. Nf3 d5 3. g3 b5 4. Bg2 Bb7 5. 0-0 e6 6. b3 c5 7. Bb2 Nc6 8. Nbd2 Be7 9. c4 bxc4 10. bxc4 cxd4 11. Nxd4 Qd7 12. cxd5 Nxd4 13. Bxd4 Bxd5 14. Bxd5 Qxd5 15. Qa4+ 1/2-1/2

[Event "CZE-chT2E 1213"]
[Site "Czech Republic"]
[Date "2013.01.20"]
[Round "7.3"]
[White "Symersky, Petr"]
[Black "Kratochvil, Josef"]
[Result "1/2-1/2"]
[WhiteElo "2150"]
[BlackElo "2264"]
[PlyCount "45"]
[EventDate "2012.10.14"]
[EventType "team-tourn"]
[EventRounds "11"]
[EventCountry "CZE"]
[SourceTitle "EXT 2016"]
[Source "ChessBase"]
[SourceDate "2015.10.08"]
[SourceVersion "1"]
[SourceVersionDate "2015.10.08"]
[SourceQuality "1"]
[WhiteTeam "Veseli nad Moravou"]
[BlackTeam "Brno Lokomotiva"]
[WhiteTeamCountry "CZE"]
[BlackTeamCountry "CZE"]

1. Nf3 Nf6 2. d4 c5 3. c4 cxd4 4. Nxd4 b6 5. Nc3 Bb7 6. Nf3 e6 7. e3 Be7 8. Be2 0-0 9. 0-0 a6 10. b3 Qc7 11. Bb2 d6 12. Rc1 Nbd7 13. Nd4 Rac8 14. Bf3 Rfd8 15. Bxb7 Qxb7 16. Qf3 Qc7 17. Rfd1 Ne5 18. Qe2 Qb8 19. h3 Ng6 20. Qf3 Ne5 21. Qg3 Ng6 22. Qf3 Ne5 23. Qe2 1/2-1/2

[Event "CZE-chT2E 1213"]
[Site "Czech Republic"]
[Date "2012.12.16"]
[Round "5.3"]
[White "Federic, Jozef"]
[Black "Symersky, Petr"]
[Result "1/2-1/2"]
[WhiteElo "2299"]
[BlackElo "2150"]
[PlyCount "90"]
[EventDate "2012.10.14"]
[EventType "team-tourn"]
[EventRounds "11"]
[EventCountry "CZE"]
[SourceTitle "EXT 2016"]
[Source "ChessBase"]
[SourceDate "2015.10.08"]
[SourceVersion "1"]
[SourceVersionDate "2015.10.08"]
[SourceQuality "1"]
[WhiteTeam "Hustopece"]
[BlackTeam "Veseli nad Moravou"]
[WhiteTeamCountry "CZE"]
[BlackTeamCountry "CZE"]

1. d4 d5 2. c4 e6 3. Nf3 Nf6 4. g3 Be7 5. Bg2 0-0 6. 0-0 c6 7. Qc2 Nbd7 8. Rd1 b6 9. Nbd2 Bb7 10. e4 dxe4 11. Nxe4 Nxe4 12. Qxe4 Nf6 13. Qe2 Rc8 14. Bf4 Bd6 15. Ne5 Qe7 16. Bg5 c5 17. Bxb7 Qxb7 18. d5 Bxe5 19. Qxe5 Nd7 20. Qe2 Rfe8 21. Re1 Qa8 22. Qg4 Nf8 23. Rad1 exd5 24. Rxe8 Rxe8 25. cxd5 Qc8 26. Qa4 Qd7 27. Qxd7 Nxd7 28. Kf1 f6 29. Bf4 Kf7 30. f3 Ne5 31. Kf2 Ng6 32. Bc7 Ke7 33. Re1+ Kd7 34. Rxe8 Kxe8 35. Bb8 Ne7 36. Bxa7 Nxd5 37. Ke2 Kd7 38. Bb8 Nb4 39. a3 Nc6 40. Bf4 Ke6 41. a4 Kd5 42. h4 Nd4+ 43. Ke3 Nc2+ 44. Kd3 Nd4 45. Ke3 Nc2+ 1/2-1/2

[Event "CZE-chT2E 1112"]
[Site "Czech Republic"]
[Date "2011.10.09"]
[Round "1.2"]
[White "Federic, Jozef"]
[Black "Symersky, Petr"]
[Result "1/2-1/2"]
[WhiteElo "2270"]
[BlackElo "2143"]
[PlyCount "111"]
[EventDate "2011.10.09"]
[EventType "team-tourn"]
[EventRounds "11"]
[EventCountry "CZE"]
[SourceTitle "EXT 2013"]
[Source "ChessBase"]
[SourceDate "2012.11.22"]
[SourceVersion "1"]
[SourceVersionDate "2012.11.22"]
[SourceQuality "1"]
[WhiteTeam "Hustopece"]
[BlackTeam "Veseli nad Moravou"]
[WhiteTeamCountry "CZE"]
[BlackTeamCountry "CZE"]

1. d4 d5 2. Nf3 Nf6 3. c4 e6 4. Bg5 Nbd7 5. Nc3 Be7 6. e3 h6 7. Bh4 c6 8. Rc1 0-0 9. cxd5 Nxd5 10. Bxe7 Qxe7 11. Nxd5 exd5 12. Bd3 Nf6 13. Ne5 Qb4+ 14. Qd2 Qxd2+ 15. Kxd2 Ng4 16. Nxg4 Bxg4 17. b4 a6 18. Rc5 Bd7 19. Rb1 f5 20. g3 Kf7 21. a4 Ke6 22. Rbc1 Kd6 23. Ra5 Rab8 24. Rac5 Ra8 25. Rb1 Rfc8 26. Rc3 Rf8 27. Rb2 Rfc8 28. Rc1 Rf8 29. b5 axb5 30. axb5 Rfc8 31. bxc6 bxc6 32. Rb7 Ra2+ 33. Ke1 Rc7 34. Rb6 g6 35. Bb1 Raa7 36. Bc2 Rcb7 37. Rxb7 Rxb7 38. Kd2 Ra7 39. h4 Rc7 40. Ra1 Rc8 41. Ra7 Rc7 42. Ra6 Rc8 43. Ra7 Rc7 44. Ra3 Rc8 45. f4 h5 46. Kc3 Rb8 47. Bd3 Kc7 48. Ra7+ Rb7 49. Ra8 Rb8 50. Rxb8 Kxb8 51. Kb4 Kc7 52. Kc5 Bc8 53. Bc2 Bd7 54. Ba4 Be8 55. Bb3 Bf7 56. Ba4 1/2-1/2

[Event "CZE-chT2E 1011"]
[Site "Czech Republic"]
[Date "2011.02.20"]
[Round "8.2"]
[White "Symersky, Petr"]
[Black "Sekanina, Jiri"]
[Result "0-1"]
[WhiteElo "2133"]
[BlackElo "2117"]
[PlyCount "100"]
[EventDate "2010.10.17"]
[EventType "team-tourn"]
[EventRounds "11"]
[EventCountry "CZE"]
[SourceTitle "EXT 2012"]
[Source "ChessBase"]
[SourceDate "2011.11.24"]
[SourceVersion "1"]
[SourceVersionDate "2011.11.24"]
[SourceQuality "1"]
[WhiteTeam "Veseli nad Moravou"]
[BlackTeam "Adamov"]
[WhiteTeamCountry "CZE"]
[BlackTeamCountry "CZE"]

1. d4 Nf6 2. Nf3 g6 3. g3 Bg7 4. Bg2 0-0 5. 0-0 d6 6. c4 Nc6 7. Nc3 a6 8. h3 Rb8 9. Bd2 b5 10. d5 Na5 11. cxb5 axb5 12. Nd4 b4 13. Ncb5 e5 14. dxe6 c5 15. exf7+ Rxf7 16. Nxd6 Qxd6 17. Bf4 Qb6 18. Bxb8 Qxb8 19. Nb3 Nxb3 20. Qxb3 Qb6 21. a4 Be6 22. a5 Qa6 23. Qe3 Nd7 24. Bb7 Qxb7 25. Qxe6 Bxb2 26. a6 Qa7 27. Rad1 Kg7 28. e3 Nb8 29. Rd6 Qc7 30. Rfd1 c4 31. a7 Qxa7 32. Qxc4 Bc3 33. Rd8 Qb7 34. Qe6 Qf3 35. Rf1 Nc6 36. Rd7 Ne5 37. Rxf7+ Qxf7 38. Qxf7+ Kxf7 39. f4 Nc4 40. Kf2 b3 41. Ke2 b2 42. Kd3 Nd2 43. Kxc3 Nxf1 44. Kxb2 Ke6 45. Kc3 Kd5 46. g4 Nxe3 47. Kd3 Nc4 48. f5 gxf5 49. gxf5 Nd6 50. Ke3 Ke5 0-1

[Event "CZE-chT2E 1011"]
[Site "Czech Republic"]
[Date "2010.12.05"]
[Round "4.2"]
[White "Symersky, Petr"]
[Black "Navratilik, Pavel"]
[Result "1/2-1/2"]
[WhiteElo "2133"]
[BlackElo "2164"]
[PlyCount "68"]
[EventDate "2010.10.17"]
[EventType "team-tourn"]
[EventRounds "11"]
[EventCountry "CZE"]
[SourceTitle "EXT 2012"]
[Source "ChessBase"]
[SourceDate "2011.11.24"]
[SourceVersion "1"]
[SourceVersionDate "2011.11.24"]
[SourceQuality "1"]
[WhiteTeam "Veseli nad Moravou"]
[BlackTeam "Holesov"]
[WhiteTeamCountry "CZE"]
[BlackTeamCountry "CZE"]

1. d4 Nf6 2. Nf3 d5 3. g3 Bf5 4. Bg2 Qc8 5. c4 dxc4 6. Qa4+ c6 7. Qxc4 Nbd7 8. 0-0 Nb6 9. Qb3 Ne4 10. Nc3 Nxc3 11. bxc3 Qe6 12. Qxe6 Bxe6 13. e4 g6 14. Bf4 Bg7 15. Rfb1 0-0-0 16. a4 h6 17. Nd2 g5 18. Be3 Nc4 19. Nxc4 Bxc4 20. Rb4 Ba6 21. Rab1 c5 22. dxc5 Bxc3 23. R4b3 Bd4 24. Bxd4 Rxd4 25. e5 Rhd8 26. Bxb7+ Bxb7 27. Rxb7 Rd1+ 28. Kg2 Rxb1 29. Rxb1 Rd5 30. c6 Rxe5 31. Rb7 a5 32. Ra7 Kb8 33. Rb7+ Kc8 34. Ra7 Kb8 1/2-1/2

[Event "Bohemia South-chT 0405"]
[Site "Czech Republic"]
[Date "2005.??.??"]
[Round "?"]
[White "Loubal, Pavel"]
[Black "Symersky, Petr"]
[Result "1/2-1/2"]
[WhiteElo "2005"]
[BlackElo "2090"]
[PlyCount "101"]
[EventDate "2004.10.??"]
[EventType "team"]
[EventRounds "11"]
[EventCountry "CZE"]
[SourceTitle "EXT 2007"]
[Source "ChessBase"]
[SourceDate "2006.11.23"]
[SourceVersion "1"]
[SourceVersionDate "2006.11.23"]
[SourceQuality "1"]

1. d4 d5 2. c4 e6 3. Nc3 Nf6 4. cxd5 exd5 5. Bg5 Be7 6. e3 Nbd7 7. Bd3 0-0 8. Qc2 c6 9. Nf3 h6 10. Bh4 Re8 11. 0-0 a5 12. a3 Ne4 13. Bxe7 Qxe7 14. b4 axb4 15. axb4 Rxa1 16. Rxa1 Ng5 17. Nxg5 Qxg5 18. Ne2 Qe7 19. b5 c5 20. dxc5 Nxc5 21. Nd4 Be6 22. Bf5 Qd6 23. Rc1 Rc8 24. Bxe6 fxe6 25. Qg6 Rf8 26. Qc2 b6 27. Qg6 Rf6 28. Qg3 e5 29. Nf3 Nd3 30. Rc8+ Kh7 31. h3 Rg6 32. Qh4 Qd7 33. Qd8 Qxd8 34. Rxd8 e4 35. Nd4 Rf6 36. Rxd5 Rxf2 37. Nc6 Rb2 38. Nd4 Nc5 39. Kh2 Rb4 40. Kg1 Kg6 41. Rd6+ Kh7 42. Rxb6 Rb1+ 43. Kf2 Nd3+ 44. Kg3 Rb2 45. Rb7 Kg6 46. Ne6 Ne1 47. Nf4+ Kf6 48. Nh5+ Kg5 49. Nf4 Kf6 50. Nd5+ Kg5 51. Nf4 1/2-1/2

[Event "CZE-chT2d 0405"]
[Site "Czech Republic"]
[Date "2005.??.??"]
[Round "3"]
[White "Symersky, Petr"]
[Black "Nehybka, Jiri"]
[Result "1/2-1/2"]
[WhiteElo "2150"]
[BlackElo "2190"]
[PlyCount "93"]
[EventDate "2004.10.??"]
[EventType "team"]
[EventRounds "11"]
[EventCountry "CZE"]
[SourceTitle "EXT 2007"]
[Source "ChessBase"]
[SourceDate "2006.11.23"]
[SourceVersion "1"]
[SourceVersionDate "2006.11.23"]
[SourceQuality "1"]

1. Nf3 g6 2. d4 Bg7 3. g3 d6 4. Bg2 Nd7 5. 0-0 Ngf6 6. c4 0-0 7. Nc3 e5 8. e4 Re8 9. h3 exd4 10. Nxd4 Nc5 11. Re1 a5 12. b3 Ne6 13. Nxe6 Bxe6 14. Bb2 Nd7 15. Qc2 Nc5 16. Rad1 Qd7 17. Kh2 Rad8 18. Nb5 Bxb2 19. Qxb2 Qe7 20. Qc3 c6 21. f4 Bc8 22. e5 dxe5 23. Rxd8 Rxd8 24. Rxe5 Be6 25. Re3 Qd7 26. Qe5 b6 27. Nc3 Qd6 28. Qf6 Rb8 29. Ne4 Nxe4 30. Rxe4 Qd8 31. Rxe6 fxe6 32. Qxe6+ Kf8 33. Qe5 Rc8 34. Qh8+ Kf7 35. Qxh7+ Kf6 36. Bxc6 Qh8 37. Qb7 Qd8 38. Bg2 Qc7 39. Qd5 Qc5 40. Qd2 Re8 41. Qb2+ Kf5 42. Qg7 Re7 43. Qf8+ Ke6 44. Qg8+ Kf6 45. Qf8+ Rf7 46. Qd8+ Kg7 47. Qd2 1/2-1/2

[Event "CZE-chT2d 0405"]
[Site "Czech Republic"]
[Date "2005.??.??"]
[Round "9"]
[White "Uhmann, Jan"]
[Black "Symersky, Petr"]
[Result "0-1"]
[WhiteElo "2215"]
[BlackElo "2090"]
[PlyCount "52"]
[EventDate "2004.10.??"]
[EventType "team"]
[EventRounds "11"]
[EventCountry "CZE"]
[SourceTitle "EXT 2007"]
[Source "ChessBase"]
[SourceDate "2006.11.23"]
[SourceVersion "1"]
[SourceVersionDate "2006.11.23"]
[SourceQuality "1"]

1. d4 Nf6 2. c4 e6 3. Nc3 d5 4. Bg5 Be7 5. e3 Nbd7 6. Nf3 0-0 7. Rc1 c6 8. a3 h6 9. Bh4 Ne4 10. Bxe7 Qxe7 11. Bd3 Nxc3 12. Rxc3 dxc4 13. Bxc4 e5 14. 0-0 e4 15. Nd2 Nf6 16. Qb3 b5 17. Be2 Be6 18. Qc2 Bd5 19. f3 Rad8 20. fxe4 Nxe4 21. Nxe4 Bxe4 22. Qc1 Rd6 23. Bf3 Rg6 24. Rc5 Bxf3 25. Rxf3 Qe4 26. Re5 Qxf3 0-1

[Event "CZE-chT2d 0405"]
[Site "Czech Republic"]
[Date "2004.??.??"]
[Round "2"]
[White "Brychta, Jan"]
[Black "Symersky, Petr"]
[Result "1-0"]
[WhiteElo "2170"]
[BlackElo "2090"]
[PlyCount "87"]
[EventDate "2004.10.??"]
[EventType "team"]
[EventRounds "11"]
[EventCountry "CZE"]
[SourceTitle "EXT 2007"]
[Source "ChessBase"]
[SourceDate "2006.11.23"]
[SourceVersion "1"]
[SourceVersionDate "2006.11.23"]
[SourceQuality "1"]

1. Nf3 d5 2. g3 Nf6 3. Bg2 g6 4. 0-0 Bg7 5. d3 0-0 6. Nbd2 Re8 7. e4 dxe4 8. dxe4 e5 9. Qe2 Nc6 10. c3 Qe7 11. a4 b6 12. Nc4 a5 13. b3 Ba6 14. Bh3 Red8 15. Nfd2 Nd7 16. Ba3 Qe8 17. Rfd1 Bf8 18. Bxf8 Qxf8 19. Bxd7 Rxd7 20. Nf1 Rad8 21. Nfe3 f6 22. Rxd7 Rxd7 23. Rd1 Rxd1+ 24. Qxd1 Bxc4 25. Nxc4 Qd8 26. Qd5+ Qxd5 27. exd5 Ne7 28. d6 cxd6 29. Nxb6 d5 30. b4 d4 31. cxd4 axb4 32. dxe5 b3 33. Nc4 fxe5 34. a5 Nc8 35. a6 Kf7 36. Kf1 Ke6 37. Ke2 Nb6 38. a7 Na8 39. Kd3 Kd5 40. Kc3 Ke4 41. Kxb3 Kf3 42. Nxe5+ Kxf2 43. Kb4 Kg2 44. Kc5 1-0

[Event "CZE-chT2d 0405"]
[Site "Czech Republic"]
[Date "2004.??.??"]
[Round "5"]
[White "Symersky, Petr"]
[Black "Krcmar, Zdenek"]
[Result "0-1"]
[WhiteElo "2153"]
[BlackElo "2265"]
[PlyCount "70"]
[EventDate "2004.10.??"]
[EventType "team"]
[EventRounds "11"]
[EventCountry "CZE"]
[SourceTitle "EXT 2007"]
[Source "ChessBase"]
[SourceDate "2006.11.23"]
[SourceVersion "1"]
[SourceVersionDate "2006.11.23"]
[SourceQuality "1"]

1. d4 Nf6 2. Nf3 e6 3. g3 d5 4. Bg2 Be7 5. 0-0 0-0 6. b3 b6 7. Bb2 Bb7 8. Nbd2 c5 9. c4 Nbd7 10. Rc1 Rc8 11. e3 Qc7 12. Qe2 Rfd8 13. Rfd1 Ba6 14. Qe1 Qb8 15. e4 dxe4 16. Nxe4 Nxe4 17. Qxe4 Bf6 18. Ne5 cxd4 19. Nc6 Rxc6 20. Qxc6 Nc5 21. Qf3 e5 22. Qf5 Bc8 23. Qb1 Bg5 24. f4 exf4 25. Bxd4 fxg3 26. Bxc5 gxh2+ 27. Kh1 Rxd1+ 28. Rxd1 bxc5 29. Rd5 Be7 30. Qe4 Be6 31. Rh5 g6 32. Rxh2 Bd6 33. Rh4 Bg3 34. Bh3 Bxh4 35. Bxe6 Qg3 0-1

[Event "Bohemia South-chT 0405"]
[Site "Czech Republic"]
[Date "2004.??.??"]
[Round "?"]
[White "Symersky, Petr"]
[Black "Lamser, Miroslav"]
[Result "1-0"]
[WhiteElo "2090"]
[BlackElo "2035"]
[PlyCount "61"]
[EventDate "2004.10.??"]
[EventType "team"]
[EventRounds "11"]
[EventCountry "CZE"]
[SourceTitle "EXT 2007"]
[Source "ChessBase"]
[SourceDate "2006.11.23"]
[SourceVersion "1"]
[SourceVersionDate "2006.11.23"]
[SourceQuality "1"]

1. d4 Nf6 2. Nf3 e6 3. g3 d5 4. Bg2 Be7 5. 0-0 0-0 6. b3 Nbd7 7. Bb2 Ne4 8. Nfd2 Ndf6 9. Nxe4 Nxe4 10. f3 Nf6 11. e4 dxe4 12. fxe4 c5 13. d5 exd5 14. exd5 Bg4 15. Qd3 Qd6 16. Nd2 Rad8 17. Bxf6 Bxf6 18. Ne4 Bd4+ 19. Qxd4 cxd4 20. Nxd6 Rxd6 21. Rf4 Bh5 22. Rxd4 Re8 23. c4 b6 24. b4 Rc8 25. Rc1 Kf8 26. c5 bxc5 27. bxc5 f6 28. Rdc4 Rdd8 29. Bh3 Rc7 30. d6 Rc6 31. Bg2 1-0

[Event "MOR-chT2M 0203"]
[Site "Moravia"]
[Date "2002.12.15"]
[Round "5"]
[White "Sojka, Ales"]
[Black "Symersky, Petr"]
[Result "1-0"]
[WhiteElo "2044"]
[BlackElo "2159"]
[PlyCount "83"]
[EventDate "2002.10.??"]
[EventType "team"]
[EventRounds "11"]
[EventCountry "CZE"]
[SourceTitle "EXT 2006"]
[Source "ChessBase"]
[SourceDate "2005.11.24"]
[SourceVersion "1"]
[SourceVersionDate "2005.11.24"]
[SourceQuality "1"]

1. e4 e5 2. Nf3 Nc6 3. Bb5 a6 4. Bxc6 dxc6 5. 0-0 Bg4 6. h3 Bxf3 7. Qxf3 Qf6 8. Qg3 Bd6 9. d4 Qg6 10. Qxg6 hxg6 11. dxe5 Bxe5 12. Rd1 Rd8 13. Rxd8+ Kxd8 14. Nd2 Bf4 15. Nc4 Bxc1 16. Rxc1 Rh5 17. Rd1+ Ke7 18. f3 Rc5 19. Ne3 Nf6 20. g4 a5 21. Kf2 b5 22. c4 Re5 23. a4 b4 24. Nc2 c5 25. Ne1 Nd7 26. Nd3 Re6 27. Nf4 Rd6 28. Rxd6 cxd6 29. Nd5+ Kd8 30. f4 Nf6 31. Nxf6 gxf6 32. h4 Ke7 33. h5 g5 34. f5 Kf8 35. Kf3 Kg7 36. e5 dxe5 37. Ke4 Kf8 38. Kd5 Ke7 39. Kxc5 Kf8 40. Kd5 Ke7 41. c5 Kf8 42. c6 1-0

[Event "CZE-chT B3 corr"]
[Site "Czech Republic"]
[Date "2000.??.??"]
[Round "?"]
[White "Rybakova, Ivana"]
[Black "Symersky, Petr"]
[Result "1/2-1/2"]
[WhiteElo "2000"]
[BlackElo "2000"]
[PlyCount "39"]
[EventDate "2000.??.??"]
[EventType "team (corr)"]
[EventRounds "14"]
[EventCountry "CZE"]
[SourceTitle "Corr 2002"]
[Source "ChessBase"]
[SourceDate "2002.05.23"]
[SourceVersion "1"]
[SourceVersionDate "2002.05.23"]
[SourceQuality "1"]

1. e4 d6 2. d4 Nf6 3. Nc3 g6 4. f4 Bg7 5. Nf3 0-0 6. e5 Nfd7 7. h4 c5 8. h5 cxd4 9. Qxd4 dxe5 10. Qf2 e4 11. Nxe4 Nf6 12. Nxf6+ exf6 13. hxg6 Re8+ 14. Be2 hxg6 15. Bd2 Qe7 16. Kf1 Bf5 17. Nd4 Be4 18. Bc4 Qc5 19. Bb3 Nc6 20. Be3 1/2-1/2

[Event "CZE-chT B3 corr"]
[Site "Czech Republic"]
[Date "2000.??.??"]
[Round "?"]
[White "Symersky, Petr"]
[Black "Odehnal, Miroslav"]
[Result "1/2-1/2"]
[WhiteElo "2000"]
[BlackElo "2440"]
[PlyCount "46"]
[EventDate "2000.??.??"]
[EventType "team (corr)"]
[EventRounds "14"]
[EventCountry "CZE"]
[SourceTitle "Corr 2002"]
[Source "ChessBase"]
[SourceDate "2002.05.23"]
[SourceVersion "1"]
[SourceVersionDate "2002.05.23"]
[SourceQuality "1"]

1. d4 Nf6 2. c4 e6 3. Nc3 Bb4 4. g3 c5 5. Nf3 cxd4 6. Nxd4 Ne4 7. Qd3 Bxc3+ 8. bxc3 Nc5 9. Qe3 b6 10. Nb5 0-0 11. Bg2 Bb7 12. Bxb7 Nxb7 13. Ba3 Re8 14. Rd1 Nc6 15. 0-0 Nca5 16. Qd3 a6 17. Nd6 Nxd6 18. Bxd6 Qc8 19. c5 b5 20. e4 Qc6 21. Rb1 Nc4 22. Rfd1 Nxd6 23. Qxd6 Rec8 1/2-1/2

[Event "CZE-chT B3 corr"]
[Site "Czech Republic"]
[Date "2000.??.??"]
[Round "?"]
[White "Symersky, Petr"]
[Black "Pesa, Ladislav"]
[Result "1/2-1/2"]
[WhiteElo "2000"]
[BlackElo "2325"]
[PlyCount "82"]
[EventDate "2000.??.??"]
[EventType "team (corr)"]
[EventRounds "14"]
[EventCountry "CZE"]
[SourceTitle "Corr 2002"]
[Source "ChessBase"]
[SourceDate "2002.05.23"]
[SourceVersion "1"]
[SourceVersionDate "2002.05.23"]
[SourceQuality "1"]

1. d4 Nf6 2. c4 c5 3. d5 b5 4. cxb5 a6 5. b6 d6 6. Nc3 Nbd7 7. e4 g6 8. a4 Qxb6 9. a5 Qb4 10. Ra4 Qb8 11. Nf3 Bg7 12. h3 0-0 13. Bc4 Ne8 14. 0-0 Nc7 15. Qe2 Ra7 16. Bd2 Rb7 17. b3 Ne5 18. Nxe5 Bxe5 19. Ra2 Bd7 20. Na4 Bxa4 21. Rxa4 Nb5 22. Qd3 Qc7 23. f4 Bd4+ 24. Kh1 Qd7 25. Ra2 f5 26. e5 dxe5 27. fxe5 Bxe5 28. d6+ Kh8 29. dxe7 Re8 30. Qxd7 Rxd7 31. Bg5 Kg7 32. Re2 Bd4 33. Re6 h6 34. Bf4 Rdxe7 35. Rxa6 Na3 36. Bd3 Re1 37. g3 g5 38. Bd6 Nb1 39. Rxe1 Rxe1+ 40. Kh2 Nd2 41. Ra7+ Kf6 1/2-1/2

[Event "Morava-chT 9900"]
[Site "Czech Republic"]
[Date "2000.??.??"]
[Round "10"]
[White "Symersky, Petr"]
[Black "Zatloukal, Petr"]
[Result "0-1"]
[WhiteElo "2111"]
[BlackElo "2165"]
[PlyCount "82"]
[EventDate "1999.??.??"]
[EventType "team-tourn"]
[EventRounds "11"]
[EventCountry "CZE"]
[SourceTitle "EXT 2001"]
[Source "ChessBase"]
[SourceDate "2000.11.22"]
[SourceVersion "1"]
[SourceVersionDate "2000.11.22"]
[SourceQuality "1"]

1. d4 Nf6 2. Nf3 g6 3. g3 Bg7 4. Bg2 0-0 5. 0-0 d5 6. c4 Nc6 7. cxd5 Nxd5 8. Nc3 Nb6 9. h3 Nxd4 10. Nxd4 Qxd4 11. Qxd4 Bxd4 12. Nb5 Be5 13. f4 Bd6 14. Nxd6 exd6 15. e4 Bd7 16. b3 Bc6 17. Bb2 Rfe8 18. Rfe1 Nd7 19. Rad1 Re7 20. e5 Bxg2 21. Kxg2 Rae8 22. Kf1 f6 23. exd6 Rxe1+ 24. Rxe1 Rxe1+ 25. Kxe1 cxd6 26. Kd2 Kf7 27. Ke3 Ke6 28. Kd4 f5 29. g4 fxg4 30. hxg4 Nf6 31. g5 Nh5 32. Ke4 Ng3+ 33. Kf3 Nf5 34. Ke4 d5+ 35. Kd3 Nd6 36. Kd4 b6 37. Bc1 Nb5+ 38. Ke3 Kf5 39. Bd2 Nc7 40. a4 Ne6 41. Kf3 Nc5 0-1